[Event "September Lviv Tradition (IM-group A)"]
[Site "Lviv"]
[Date "2017.09.26"]
[Round "1.1"]
[White "Sevostianov, Pavel"]
[Black "Anwesh, Upadhyaya"]
[Result "1/2-1/2"]
[WhiteElo "2248"]
[BlackElo "2385"]
[PlyCount "60"]
[EventDate "2017.??.??"]
[EventType "tourn (corr)"]
[EventRounds "9"]

1. d4 Nf6 2. Nf3 e6 3. c3 b6 4. Bf4 Bb7 5. Nbd2 c5 6. e3 Be7 7. h3 O-O 8. Be2
d6 9. O-O Nbd7 10. a4 a6 11. Qb1 Ra7 12. Rd1 Qa8 13. b4 Ne4 14. Nxe4 Bxe4 15.
Qb2 cxb4 16. cxb4 Rc8 17. Rac1 Rac7 18. Rxc7 Rxc7 19. Rc1 Rxc1+ 20. Qxc1 Qb7
21. b5 axb5 22. axb5 h6 23. Qa3 Qc7 24. Nd2 Bb7 25. Bf3 Bxf3 26. Nxf3 Nf6 27.
Kh2 Nd5 28. Qa8+ Kh7 29. Qe8 Nxf4 30. exf4 Bf6 1/2-1/2

[Event "September Lviv Tradition (IM-group A)"]
[Site "Lviv"]
[Date "2017.09.26"]
[Round "1.2"]
[White "Molchanov, Oleksii"]
[Black "Prydun, Andriy"]
[Result "1-0"]
[WhiteElo "2326"]
[BlackElo "2097"]
[PlyCount "61"]
[EventDate "2017.??.??"]
[EventType "tourn (corr)"]
[EventRounds "9"]

1. c4 c6 2. Nf3 d5 3. e3 Nf6 4. Nc3 e6 5. b3 Bd6 6. Bb2 O-O 7. Qc2 e5 8. cxd5
cxd5 9. Nb5 Nc6 10. Nxd6 Qxd6 11. Rc1 Bg4 12. h3 Bxf3 13. gxf3 Rfe8 14. a3 Rad8
15. h4 d4 16. Rg1 dxe3 17. fxe3 Nd4 18. exd4 exd4+ 19. Kf2 Ne4+ 20. fxe4 Qf4+
21. Kg2 Qg4+ 22. Kh2 Qxh4+ 23. Bh3 Rxe4 24. Qc8 Qf4+ 25. Kh1 Qf3+ 26. Rg2 Re1+
27. Rxe1 Rxc8 28. Bxc8 h5 29. Bxd4 Kh7 30. Kg1 f6 31. Re7 1-0

[Event "September Lviv Tradition (IM-group A)"]
[Site "Lviv"]
[Date "2017.09.26"]
[Round "1.3"]
[White "Kryvoruchko, Vita"]
[Black "Nester, Ihor"]
[Result "1-0"]
[WhiteElo "2166"]
[BlackElo "2369"]
[PlyCount "95"]
[EventDate "2017.??.??"]
[EventType "tourn (corr)"]
[EventRounds "9"]

1. d4 f5 2. c4 Nf6 3. g3 e6 4. Bg2 Be7 5. Nf3 O-O 6. O-O d6 7. b3 Ne4 8. Bb2
Bf6 9. Nbd2 Nc6 10. Nxe4 fxe4 11. Nd2 Bxd4 12. Bxd4 Nxd4 13. Nxe4 e5 14. e3 Nc6
15. Qh5 Qe8 16. Qh4 Ne7 17. Ng5 h6 18. Nf3 Bf5 19. c5 Bd3 20. Rfc1 Qf7 21. cxd6
cxd6 22. Rc7 Rae8 23. Kh1 Qf6 24. Qxf6 Rxf6 25. Ne1 Ba6 26. f4 exf4 27. exf4 d5
28. Nc2 Rc6 29. Rxe7 Rxe7 30. Bxd5+ Kf8 31. Bxc6 bxc6 32. Rd1 c5 33. Rd2 c4 34.
bxc4 Bxc4 35. a3 Rb7 36. Nb4 a5 37. Nc6 Rb1+ 38. Kg2 a4 39. f5 Ra1 40. Rd8+ Kf7
41. Ne5+ Ke7 42. Rd7+ Ke8 43. Rxg7 Bd5+ 44. Kh3 Rxa3 45. f6 Rc3 46. Ra7 a3 47.
f7+ Bxf7 48. Nxf7 1-0

[Event "September Lviv Tradition (IM-group A)"]
[Site "Lviv"]
[Date "2017.09.26"]
[Round "1.4"]
[White "Praczukowski, Stanislaw"]
[Black "Bykovskiy, Oleg"]
[Result "1-0"]
[WhiteElo "2091"]
[BlackElo "2349"]
[PlyCount "57"]
[EventDate "2017.??.??"]
[EventType "tourn (corr)"]
[EventRounds "9"]

1. e4 d5 2. exd5 Nf6 3. Nf3 Nxd5 4. d4 g6 5. c4 Nb6 6. Nc3 Bg7 7. c5 Nd5 8. Bc4
Nxc3 9. bxc3 O-O 10. O-O c6 11. Re1 Nd7 12. Bg5 Bf6 13. Bh6 Bg7 14. Bg5 Nf6 15.
Qb3 e6 16. Rad1 Qc7 17. Bh4 Nh5 18. Ne5 Bf6 19. Re4 b6 20. Be2 Bxh4 21. Rxh4
Nf6 22. Qa3 Bb7 23. Qc1 bxc5 24. Qh6 Rfd8 25. Ng4 Nxg4 26. Qxh7+ Kf8 27. Rxg4
cxd4 28. Rxg6 c5 29. Rxe6 1-0

[Event "September Lviv Tradition (IM-group A)"]
[Site "Lviv"]
[Date "2017.09.26"]
[Round "1.5"]
[White "Goluch, Piotr"]
[Black "Kyrychenko, Maryan"]
[Result "1-0"]
[WhiteElo "2275"]
[BlackElo "2209"]
[PlyCount "81"]
[EventDate "2017.??.??"]
[EventType "tourn (corr)"]
[EventRounds "9"]

1. d4 Nf6 2. c4 e6 3. Nf3 Bb4+ 4. Nbd2 O-O 5. a3 Bxd2+ 6. Qxd2 b6 7. e3 Bb7 8.
Be2 d6 9. O-O Nbd7 10. b4 Ne4 11. Qc2 f5 12. d5 e5 13. Nd2 Nxd2 14. Bxd2 Qe7
15. f3 c6 16. dxc6 Bxc6 17. Rfd1 Kh8 18. Be1 Rad8 19. a4 e4 20. f4 Nf6 21. b5
Ba8 22. Bb4 Qe6 23. Rd4 Rd7 24. Qd2 Rfd8 25. Rd1 d5 26. c5 bxc5 27. Bxc5 Rc8
28. Ba3 Rdc7 29. Rc1 Rxc1+ 30. Bxc1 Qe7 31. Bb2 Qc5 32. Bd1 Nd7 33. Bb3 Nb6 34.
Qd1 h6 35. Qh5 Nc4 36. Bxc4 dxc4 37. Rd8+ Kh7 38. Bd4 Rxd8 39. Bxc5 c3 40.
Qxf5+ Kh8 41. Bd4 1-0

[Event "September Lviv Tradition (IM-group A)"]
[Site "Lviv"]
[Date "2017.09.27"]
[Round "2.1"]
[White "Anwesh, Upadhyaya"]
[Black "Kyrychenko, Maryan"]
[Result "1/2-1/2"]
[WhiteElo "2385"]
[BlackElo "2009"]
[PlyCount "66"]
[EventDate "2017.??.??"]
[EventType "tourn (corr)"]
[EventRounds "9"]

1. d4 d5 2. c4 c6 3. Nc3 Nf6 4. e3 e6 5. Nf3 Nbd7 6. Bd3 dxc4 7. Bxc4 b5 8. Bd3
a6 9. e4 c5 10. d5 c4 11. dxe6 fxe6 12. Bc2 Qc7 13. O-O Bb7 14. Nd4 Nc5 15. Qe2
Bd6 16. f4 e5 17. Ndxb5 axb5 18. Nxb5 Qb6 19. Nxd6+ Qxd6 20. fxe5 Qxe5 21. Rf5
Qe7 22. Qxc4 Rc8 23. Qb5+ Ncd7 24. Qxb7 Rxc2 25. Bg5 h6 26. Bxf6 gxf6 27. Rd1
Rg8 28. g3 Rc5 29. a4 Rxf5 30. exf5 Ne5 31. Qb6 Kf7 32. Rc1 Re8 33. a5 Kg8
1/2-1/2

[Event "September Lviv Tradition (IM-group A)"]
[Site "Lviv"]
[Date "2017.09.27"]
[Round "2.2"]
[White "Bykovskiy, Oleg"]
[Black "Goluch, Piotr"]
[Result "0-1"]
[WhiteElo "2349"]
[BlackElo "2275"]
[PlyCount "84"]
[EventDate "2017.??.??"]
[EventType "tourn (corr)"]
[EventRounds "9"]

1. e4 c6 2. Nf3 d5 3. Nc3 Nf6 4. e5 Ne4 5. Ne2 Qb6 6. d4 e6 7. c3 c5 8. Ng3 Nc6
9. Bd3 Nxg3 10. hxg3 cxd4 11. cxd4 Bb4+ 12. Kf1 Bd7 13. Be3 Be7 14. b3 h6 15.
a3 Rc8 16. b4 Nd8 17. Kg1 Bb5 18. Bc2 Qc6 19. Rc1 Qa6 20. a4 Be2 21. Qd2 Qc4
22. a5 Kf8 23. Bxh6 gxh6 24. Rxh6 Rg8 25. Rh7 Rg6 26. Rh8+ Kg7 27. Re8 Bxf3 28.
gxf3 Qxb4 29. Bxg6 Qxd2 30. Rxc8 Kxg6 31. Rxe7 Nc6 32. Rg8+ Kh7 33. Ree8 Ne7
34. Rg4 Ng6 35. Rb8 Qxa5 36. Rxb7 Kg7 37. Kg2 Qa6 38. Rb1 Qa2 39. Rh1 a5 40.
Rg5 Qb2 41. Rgh5 Qxd4 42. Re1 a4 0-1

[Event "September Lviv Tradition (IM-group A)"]
[Site "Lviv"]
[Date "2017.09.27"]
[Round "2.3"]
[White "Nester, Ihor"]
[Black "Praczukowski, Stanislaw"]
[Result "1-0"]
[WhiteElo "2369"]
[BlackElo "2091"]
[PlyCount "125"]
[EventDate "2017.??.??"]
[EventType "tourn (corr)"]
[EventRounds "9"]

1. Nf3 d5 2. d4 Nf6 3. c4 e6 4. g3 Bb4+ 5. Bd2 Bd6 6. Bg2 c6 7. Qc2 Nbd7 8. O-O
O-O 9. Bf4 Bxf4 10. gxf4 b6 11. Nc3 Bb7 12. Ne5 Rc8 13. Qa4 a6 14. Rfd1 Qe7 15.
Qb3 Nxe5 16. fxe5 Nd7 17. Qa3 Qxa3 18. bxa3 a5 19. cxd5 cxd5 20. Nb5 Ba6 21.
Nd6 Rc3 22. e3 Bc4 23. Rdc1 Rxc1+ 24. Rxc1 b5 25. Bf1 Rb8 26. a4 Bxf1 27. Kxf1
bxa4 28. Rc7 Nf8 29. Rb7 Rxb7 30. Nxb7 g5 31. Nxa5 Kg7 32. Nb7 Nd7 33. Ke2 Kg6
34. Nd8 g4 35. Kd3 Nb6 36. Kc3 a3 37. Nb7 h5 38. Nd6 Na4+ 39. Kd2 Nb2 40. e4
dxe4 41. Nxe4 h4 42. Ke3 Kh5 43. f3 Nd1+ 44. Kd2 g3 45. hxg3 Nb2 46. gxh4 Kxh4
47. Nd6 Kg3 48. Nxf7 Kxf3 49. Ng5+ Kf4 50. Nxe6+ Ke4 51. Kc3 Nd1+ 52. Kb3 Ne3
53. Kxa3 Kd5 54. Nc7+ Kc6 55. Kb4 Kxc7 56. Kc5 Nf5 57. d5 Ng7 58. a4 Ne8 59. a5
Kb7 60. d6 Ng7 61. Kd5 Ne8 62. d7 Nc7+ 63. Kd6 1-0

[Event "September Lviv Tradition (IM-group A)"]
[Site "Lviv"]
[Date "2017.09.27"]
[Round "2.4"]
[White "Prydun, Andriy"]
[Black "Kryvoruchko, Vita"]
[Result "0-1"]
[WhiteElo "2097"]
[BlackElo "2166"]
[PlyCount "70"]
[EventDate "2017.??.??"]
[EventType "tourn (corr)"]
[EventRounds "9"]

1. e4 c5 2. d4 cxd4 3. c3 dxc3 4. Nxc3 Nc6 5. Nf3 d6 6. Bc4 e6 7. O-O Nf6 8.
Qe2 a6 9. Rd1 Qc7 10. Bf4 Ne5 11. Bxe5 dxe5 12. Rac1 Bd7 13. Bb5 Rc8 14. Nd5
Qxc1 15. Nxf6+ gxf6 16. Bxd7+ Ke7 17. Bxc8 Qxc8 18. Qe3 Rg8 19. Rc1 Qd7 20. Qb6
Ke8 21. g3 Bd6 22. Nd2 Ke7 23. Nb3 Qb5 24. Qe3 a5 25. Rc2 a4 26. Nc1 b6 27. b3
Bc5 28. bxa4 Qxa4 29. Qb3 Qxe4 30. Nd3 Rd8 31. Rc3 Rxd3 32. Rxd3 Qe1+ 33. Kg2
Qxf2+ 34. Kh3 Qf1+ 35. Kh4 Qg2 0-1

[Event "September Lviv Tradition (IM-group A)"]
[Site "Lviv"]
[Date "2017.09.27"]
[Round "2.5"]
[White "Sevostianov, Pavel"]
[Black "Molchanov, Oleksii"]
[Result "1/2-1/2"]
[WhiteElo "2248"]
[BlackElo "2326"]
[PlyCount "85"]
[EventDate "2017.??.??"]
[EventType "tourn (corr)"]
[EventRounds "9"]

1. e4 e5 2. Bc4 Nc6 3. Nf3 Bc5 4. c3 Nf6 5. d3 O-O 6. O-O d6 7. Bg5 h6 8. Bh4
g5 9. Bg3 Qe7 10. Nbd2 a6 11. Bb3 Ba7 12. Nc4 Be6 13. Re1 Bxc4 14. Bxc4 Na5 15.
Bb3 Nxb3 16. Qxb3 Rab8 17. d4 Nh5 18. Rad1 Nxg3 19. hxg3 Kg7 20. dxe5 dxe5 21.
Rd5 f6 22. Red1 Rf7 23. Qc2 Qe6 24. a3 b5 25. Qe2 h5 26. R1d2 Rh8 27. Rd8 Rxd8
28. Rxd8 Rd7 29. Rxd7+ Qxd7 30. Ne1 g4 31. Kf1 Qd6 32. Nc2 c6 33. Ke1 a5 34.
Kf1 Kg6 35. Ne1 Bb6 36. Nc2 Kf7 37. Ke1 Qe6 38. Kd1 Qa2 39. Kc1 Kg6 40. f3 Qc4
41. Kd2 gxf3 42. Qxf3 Qe6 43. Ne1 $11 1/2-1/2

[Event "September Lviv Tradition (IM-group A)"]
[Site "Lviv"]
[Date "2017.09.27"]
[Round "3.1"]
[White "Molchanov, Oleksii"]
[Black "Anwesh, Upadhyaya"]
[Result "1/2-1/2"]
[WhiteElo "2326"]
[BlackElo "2385"]
[PlyCount "65"]
[EventDate "2017.??.??"]
[EventType "tourn (corr)"]
[EventRounds "9"]

1. d4 Nf6 2. c4 e6 3. Nc3 Bb4 4. Qc2 O-O 5. a3 Bxc3+ 6. Qxc3 b6 7. Bg5 Bb7 8.
f3 h6 9. Bh4 d5 10. e3 Re8 11. Nh3 Nbd7 12. cxd5 exd5 13. Be2 c5 14. O-O Qe7
15. Bf2 cxd4 16. Qxd4 Nc5 17. Rad1 Nb3 18. Qa4 Nc5 19. Qb4 g5 20. Qd4 Nb3 21.
Qc3 Na5 22. b3 Rac8 23. Qb2 Qe5 24. Rd4 Nc6 25. Bb5 Nxd4 26. exd4 Qc7 27. Bxe8
Nxe8 28. Qe2 Qc2 29. Qe7 Qc6 30. Bg3 Ng7 31. Re1 Re8 32. Qb4 Rxe1+ 33. Qxe1
1/2-1/2

[Event "September Lviv Tradition (IM-group A)"]
[Site "Lviv"]
[Date "2017.09.27"]
[Round "3.2"]
[White "Kryvoruchko, Vita"]
[Black "Sevostianov, Pavel"]
[Result "0-1"]
[WhiteElo "2166"]
[BlackElo "2248"]
[PlyCount "60"]
[EventDate "2017.??.??"]
[EventType "tourn (corr)"]
[EventRounds "9"]

1. d4 Nf6 2. c4 d6 3. Nf3 Nbd7 4. Nc3 e5 5. Bg5 Be7 6. e3 c6 7. Bd3 h6 8. Bh4
exd4 9. exd4 Nh5 10. Bg3 Ndf6 11. Bc2 Nxg3 12. hxg3 d5 13. c5 Ng4 14. Qd3 b6
15. O-O g6 16. Qd2 O-O 17. Ne5 Nxe5 18. dxe5 bxc5 19. Rae1 Be6 20. Qxh6 Bg5 21.
Qh2 Kg7 22. g4 Rb8 23. Na4 Rh8 24. Qg3 Rb4 25. Nxc5 Bf4 26. Nxe6+ fxe6 27. Qd3
Bh2+ 28. Kh1 Bg3+ 29. Kg1 Rh1+ 30. Kxh1 Qh8+ 0-1

[Event "September Lviv Tradition (IM-group A)"]
[Site "Lviv"]
[Date "2017.09.27"]
[Round "3.3"]
[White "Praczukowski, Stanislaw"]
[Black "Prydun, Andriy"]
[Result "1/2-1/2"]
[WhiteElo "2091"]
[BlackElo "2097"]
[PlyCount "126"]
[EventDate "2017.??.??"]
[EventType "tourn (corr)"]
[EventRounds "9"]

1. e4 e5 2. Nf3 Nc6 3. Bc4 Nf6 4. Ng5 d5 5. exd5 Na5 6. Bb5+ c6 7. dxc6 bxc6 8.
Be2 h6 9. Nh3 Bc5 10. d3 O-O 11. Nc3 Nd5 12. Bd2 Bxh3 13. gxh3 Qh4 14. Ne4 Bb6
15. O-O f5 16. Nc3 Rad8 17. Nxd5 cxd5 18. Be3 Qxh3 19. Bxb6 axb6 20. Kh1 Qh4
21. Qe1 f4 22. Bf3 Nc6 23. c3 Kh8 24. Rg1 Qf6 25. Qf1 e4 26. dxe4 Ne5 27. Qg2
Nxf3 28. Qxf3 dxe4 29. Qxe4 Rd2 30. Rg2 f3 31. Rg6 Qf4 32. Qxf4 Rxf4 33. Rag1
Rf7 34. Rf1 Rxb2 35. h3 Rc7 36. Kh2 Rxc3 37. Kg3 b5 38. Rb6 Ra3 39. Rb7 Raxa2
40. Kxf3 Ra3+ 41. Kg4 Rb4+ 42. f4 Rbb3 43. h4 Rg3+ 44. Kf5 Rh3 45. Rd1 Rxh4 46.
Rd8+ Kh7 47. Rbb8 Rh5+ 48. Kg4 Rc5 49. Rh8+ Kg6 50. Rbf8 h5+ 51. Kh4 Rf3 52.
f5+ Rcxf5 53. Rh6+ Kxh6 54. Rf6+ Kh7 55. Rh6+ Kg8 56. Rh8+ Kf7 57. Rf8+ Ke6 58.
Re8+ Kd5 59. Re5+ Kc4 60. Rc5+ Kd4 61. Rd5+ Ke3 62. Re5+ Kf4 63. Re4+ Kxe4
1/2-1/2

[Event "September Lviv Tradition (IM-group A)"]
[Site "Lviv"]
[Date "2017.09.27"]
[Round "3.4"]
[White "Goluch, Piotr"]
[Black "Nester, Ihor"]
[Result "1/2-1/2"]
[WhiteElo "2275"]
[BlackElo "2369"]
[PlyCount "61"]
[EventDate "2017.??.??"]
[EventType "tourn (corr)"]
[EventRounds "9"]

1. d4 f5 2. Nc3 Nf6 3. Bg5 d5 4. f3 Nc6 5. Qd2 e6 6. a3 Be7 7. Nh3 a6 8. e3 O-O
9. Bh4 b5 10. Bf2 e5 11. Rd1 e4 12. Be2 Bd6 13. O-O Ne7 14. Bh4 c6 15. f4 Ng6
16. Bxf6 Qxf6 17. Na2 Ne7 18. a4 h6 19. axb5 axb5 20. Ra1 Bd7 21. Nb4 Kh8 22.
c3 g5 23. g3 Rg8 24. Nc2 g4 25. Nf2 h5 26. Rxa8 Rxa8 27. Ra1 Rxa1+ 28. Nxa1 Qf8
29. b4 Qa8 30. Qb2 Nc8 31. Nc2 1/2-1/2

[Event "September Lviv Tradition (IM-group A)"]
[Site "Lviv"]
[Date "2017.09.27"]
[Round "3.5"]
[White "Kyrychenko, Maryan"]
[Black "Bykovskiy, Oleg"]
[Result "1-0"]
[WhiteElo "2209"]
[BlackElo "2349"]
[PlyCount "63"]
[EventDate "2017.??.??"]
[EventType "tourn (corr)"]
[EventRounds "9"]

1. d4 Nf6 2. c4 e5 3. dxe5 Ng4 4. Nf3 Nc6 5. Nc3 Bc5 6. e3 Ngxe5 7. Be2 Nxf3+
8. Bxf3 Ne5 9. Be2 O-O 10. O-O Qh4 11. b3 d6 12. Na4 Bf5 13. Nxc5 dxc5 14. Qd5
Rae8 15. Qxc5 Re6 16. Bb2 Rfe8 17. Bxe5 Rxe5 18. Qxc7 Be4 19. Rad1 Bxg2 20.
Kxg2 Qe4+ 21. f3 Qxe3 22. Rf2 h5 23. Qxb7 R8e6 24. Rd8+ Kh7 25. Bd3+ f5 26. Qc8
h4 27. Rh8+ Kg6 28. Qd8 Rf6 29. Rxh4 Kg5 30. Qh8 Rg6 31. Rg4+ fxg4 32. f4+ 1-0

[Event "September Lviv Tradition (IM-group A)"]
[Site "Lviv"]
[Date "2017.09.28"]
[Round "4.1"]
[White "Anwesh, Upadhyaya"]
[Black "Bykovskiy, Oleg"]
[Result "1/2-1/2"]
[WhiteElo "2385"]
[BlackElo "2349"]
[PlyCount "72"]
[EventDate "2017.??.??"]
[EventType "tourn (corr)"]
[EventRounds "9"]

1. d4 Nf6 2. c4 e6 3. Nf3 Bb4+ 4. Nbd2 b6 5. a3 Bxd2+ 6. Bxd2 Bb7 7. Bg5 h6 8.
Bh4 c5 9. e3 O-O 10. Be2 d6 11. O-O Nc6 12. b3 Qe7 13. dxc5 dxc5 14. Bxf6 Qxf6
15. Qc2 Rad8 16. Rad1 Ne5 17. Nxe5 Qxe5 18. Bd3 g6 19. Rfe1 Rd6 20. f4 Qg7 21.
b4 Rfd8 22. bxc5 bxc5 23. Be2 Rxd1 24. Rxd1 Rxd1+ 25. Qxd1 Qc3 26. Kf2 Qxa3 27.
Qd6 Qb4 28. Qb8+ Kg7 29. Qxa7 h5 30. Qa1+ Kg8 31. Qf6 Be4 32. Qe5 Bc2 33. Qd6
Kg7 34. Qe5+ Kg8 35. Qd6 Kg7 36. Qe5+ Kg8 1/2-1/2

[Event "September Lviv Tradition (IM-group A)"]
[Site "Lviv"]
[Date "2017.09.28"]
[Round "4.2"]
[White "Nester, Ihor"]
[Black "Kyrychenko, Maryan"]
[Result "1-0"]
[WhiteElo "2369"]
[BlackElo "2209"]
[PlyCount "87"]
[EventDate "2017.??.??"]
[EventType "tourn (corr)"]
[EventRounds "9"]

1. Nf3 d5 2. d4 Nf6 3. c4 dxc4 4. e3 a6 5. Bxc4 b5 6. Bd3 Bb7 7. a4 b4 8. O-O
e6 9. Nbd2 c5 10. Nc4 Nbd7 11. Qe2 cxd4 12. exd4 Be7 13. Bf4 O-O 14. h3 Nb6 15.
Nce5 Nbd5 16. Bh2 a5 17. Rfe1 Qb6 18. Rac1 Rac8 19. Bb5 h6 20. Nc4 Qa7 21. Rcd1
Nc7 22. Nd6 Bxd6 23. Bxd6 Rfd8 24. Bc5 Qa8 25. Be7 Rd5 26. Bxf6 gxf6 27. Bd3
Ba6 28. Qe3 Bxd3 29. Rxd3 Kh7 30. Qe4+ Rf5 31. d5 Nxd5 32. Nh4 Nf4 33. Rf3
Nxh3+ 34. Rxh3 Qxe4 35. Rxe4 Rc1+ 36. Kh2 Rxf2 37. Rd4 Rxb2 38. Rd7 Kg7 39.
Rg3+ Kf8 40. Nf5 exf5 41. Rd8+ Ke7 42. Rgg8 Rxg2+ 43. Kxg2 Rc2+ 44. Kf1 1-0

[Event "September Lviv Tradition (IM-group A)"]
[Site "Lviv"]
[Date "2017.09.28"]
[Round "4.3"]
[White "Prydun, Andriy"]
[Black "Goluch, Piotr"]
[Result "0-1"]
[WhiteElo "2097"]
[BlackElo "2275"]
[PlyCount "92"]
[EventDate "2017.??.??"]
[EventType "tourn (corr)"]
[EventRounds "9"]

1. c4 Nf6 2. Nf3 g6 3. g3 Bg7 4. Bg2 O-O 5. O-O d6 6. d4 Nbd7 7. Nc3 c6 8. e4
e5 9. b3 Re8 10. Bb2 a5 11. Re1 Qb6 12. c5 dxc5 13. Na4 Qa7 14. dxe5 Ng4 15. e6
fxe6 16. Bxg7 Kxg7 17. Ng5 Nge5 18. h3 Nf6 19. Qd6 Qb8 20. Rad1 Qxd6 21. Rxd6
h6 22. Nb6 Ra6 23. f4 Rxb6 24. fxe5 Nh5 25. Nf3 a4 26. Nd2 axb3 27. axb3 Nxg3
28. Bf3 Rb4 29. Kg2 Nh5 30. Bxh5 gxh5 31. Rc1 Kf7 32. Rxc5 Ke7 33. Ra5 Bd7 34.
Rd3 Rg8+ 35. Kf2 h4 36. Ra7 Be8 37. Nc4 Rg3 38. Rxg3 hxg3+ 39. Kxg3 Rxb3+ 40.
Kh4 Rb5 41. Ra8 Rc5 42. Nd6 Bg6 43. Rh8 b5 44. Rxh6 Rxe5 45. Nxb5 Kf6 46. Nd6
Kg7 0-1

[Event "September Lviv Tradition (IM-group A)"]
[Site "Lviv"]
[Date "2017.09.28"]
[Round "4.4"]
[White "Sevostianov, Pavel"]
[Black "Praczukowski, Stanislaw"]
[Result "1/2-1/2"]
[WhiteElo "2248"]
[BlackElo "2091"]
[PlyCount "60"]
[EventDate "2017.??.??"]
[EventType "tourn (corr)"]
[EventRounds "9"]

1. c4 e6 2. Nf3 Nf6 3. e3 d5 4. b3 Be7 5. Bb2 O-O 6. Be2 b6 7. O-O Bb7 8. cxd5
exd5 9. d4 Nbd7 10. Nbd2 Ne4 11. Nxe4 dxe4 12. Nd2 c5 13. Rc1 Rc8 14. Bb5 cxd4
15. Rxc8 Qxc8 16. Bxd4 Nf6 17. Be2 Qf5 18. Nc4 Rd8 19. Qa1 Ba6 20. Qb2 Qg5 21.
Be5 Bc8 22. Bf4 Qd5 23. Bc7 Rd7 24. Bg3 Rd8 25. Bc7 Rd7 26. Bg3 Rd8 27. Bc7 Rd7
28. Bg3 Rd8 29. Bc7 Rd7 30. Bg3 Rd8 1/2-1/2

[Event "September Lviv Tradition (IM-group A)"]
[Site "Lviv"]
[Date "2017.09.28"]
[Round "4.5"]
[White "Molchanov, Oleksii"]
[Black "Kryvoruchko, Vita"]
[Result "1-0"]
[WhiteElo "2326"]
[BlackElo "2166"]
[PlyCount "73"]
[EventDate "2017.??.??"]
[EventType "tourn (corr)"]
[EventRounds "9"]

1. c4 c5 2. Nc3 Nc6 3. g3 e5 4. Bg2 g6 5. Nf3 Bg7 6. O-O Nge7 7. Ne1 O-O 8. Nc2
d6 9. a3 a5 10. Ne3 Be6 11. Ned5 f5 12. d3 h6 13. Rb1 Kh7 14. Bd2 Rb8 15. Nxe7
Qxe7 16. Nd5 Qf7 17. b4 axb4 18. axb4 b5 19. bxc5 dxc5 20. Nc3 Nd4 21. Nxb5
Nxb5 22. Rxb5 Rxb5 23. cxb5 Rb8 24. Qa4 c4 25. Bc6 f4 26. Bb4 cxd3 27. exd3 Bd5
28. Bd6 Rc8 29. gxf4 exf4 30. Bxd5 Qxd5 31. Bxf4 Qxd3 32. b6 Qf3 33. Bg3 Rf8
34. Rb1 Rf7 35. Qb3 Qb7 36. Qxf7 Qxf7 37. b7 1-0

[Event "September Lviv Tradition (IM-group A)"]
[Site "Lviv"]
[Date "2017.09.28"]
[Round "5.1"]
[White "Kryvoruchko, Vita"]
[Black "Anwesh, Upadhyaya"]
[Result "0-1"]
[WhiteElo "2166"]
[BlackElo "2385"]
[PlyCount "178"]
[EventDate "2017.??.??"]
[EventType "tourn (corr)"]
[EventRounds "9"]

1. d4 d5 2. c4 c6 3. Nc3 Nf6 4. Nf3 e6 5. e3 Nbd7 6. Qc2 Bd6 7. b3 O-O 8. Bb2
b6 9. Bd3 Bb7 10. O-O Rc8 11. Rad1 Qe7 12. e4 dxe4 13. Nxe4 Nxe4 14. Bxe4 f5
15. Bd3 Rce8 16. Rfe1 Qf7 17. h3 c5 18. d5 e5 19. Bf1 h6 20. a4 Bc8 21. a5 Qh5
22. axb6 axb6 23. Ra1 e4 24. Nd2 Ne5 25. Ra7 Rf6 26. Qd1 Qh4 27. g3 Rg6 28. Kh1
Qd8 29. Be2 Rf6 30. f4 exf3 31. Nxf3 Rf7 32. Rxf7 Nxf7 33. Kg2 Qc7 34. Bd3 Rd8
35. Qc2 Bxg3 36. Re2 Nd6 37. Ne5 Bh4 38. Ng6 Bf6 39. Bxf6 gxf6 40. Ne7+ Kf7 41.
Bxf5 Nxf5 42. Nxf5 Rg8+ 43. Kf1 Qf4+ 44. Rf2 Bxf5 45. Qxf5 Qxf5 46. Rxf5 Rg3
47. Ke2 Rxh3 48. Rf3 Rh4 49. Rd3 Re4+ 50. Kf3 f5 51. Rd1 h5 52. Ra1 h4 53. Ra7+
Re7 54. Rxe7+ Kxe7 55. Kf4 Kd6 56. Ke3 h3 57. Kf3 f4 58. Kf2 b5 59. Kf3 b4 60.
Kf2 Ke5 61. Kf3 Kf5 62. Kf2 Ke4 63. d6 h2 64. Kg2 Ke3 65. d7 f3+ 66. Kxh2 f2
67. d8=Q f1=Q 68. Qd5 Qf4+ 69. Kg2 Qg4+ 70. Kh2 Qd4 71. Kg3 Kd3 72. Kf3 Kc3 73.
Ke2 Qg4+ 74. Ke3 Qg1+ 75. Ke2 Kxb3 76. Qd3+ Kb2 77. Qd2+ Ka1 78. Qd3 Qc1 79.
Qd5 Qb2+ 80. Ke3 Qd4+ 81. Ke2 b3 82. Qa8+ Kb2 83. Qa6 Kc2 84. Qa4 Qd2+ 85. Kf3
Qb4 86. Qa6 b2 87. Qg6+ Kb3 88. Qb1 Qc3+ 89. Kf4 Qc1+ 0-1

[Event "September Lviv Tradition (IM-group A)"]
[Site "Lviv"]
[Date "2017.09.28"]
[Round "5.2"]
[White "Praczukowski, Stanislaw"]
[Black "Molchanov, Oleksii"]
[Result "0-1"]
[WhiteElo "2091"]
[BlackElo "2326"]
[PlyCount "62"]
[EventDate "2017.??.??"]
[EventType "tourn (corr)"]
[EventRounds "9"]

1. e4 c5 2. Nf3 e6 3. d4 cxd4 4. Nxd4 Nc6 5. Nb5 d6 6. Bf4 e5 7. Be3 a6 8. N5c3
Nf6 9. Bg5 Be6 10. Nd2 Be7 11. Bxf6 Bxf6 12. Nc4 Nd4 13. Ne3 Rc8 14. Bd3 Bg5
15. Ncd5 O-O 16. c3 Nc6 17. h4 Bxe3 18. Nxe3 Ne7 19. h5 d5 20. h6 g6 21. Ng4
Bxg4 22. Qxg4 dxe4 23. Qxe4 Nc6 24. O-O-O Qg5+ 25. Kb1 Rfd8 26. Bc4 Rxd1+ 27.
Rxd1 Qxh6 28. Bxf7+ Kxf7 29. Qd5+ Kf8 30. Qd6+ Ne7 31. Qe6 Qf4 0-1

[Event "September Lviv Tradition (IM-group A)"]
[Site "Lviv"]
[Date "2017.09.28"]
[Round "5.3"]
[White "Goluch, Piotr"]
[Black "Sevostianov, Pavel"]
[Result "1-0"]
[WhiteElo "2275"]
[BlackElo "2248"]
[PlyCount "111"]
[EventDate "2017.??.??"]
[EventType "tourn (corr)"]
[EventRounds "9"]

1. Nf3 Nf6 2. g3 g6 3. Bg2 Bg7 4. O-O O-O 5. c4 d6 6. d4 c6 7. Nc3 Qa5 8. h3
Qa6 9. b3 b5 10. cxb5 cxb5 11. a4 b4 12. Na2 Qb6 13. Nd2 Qxd4 14. Bb2 Qxb2 15.
Nc4 Qxa1 16. Qxa1 d5 17. Na5 Na6 18. Qd1 e6 19. Qd2 Rb8 20. Rc1 Bd7 21. Nc6 Rb7
22. Qd3 Nb8 23. Na5 Rb6 24. Rc7 Na6 25. Rxa7 Nc5 26. Qd2 Rfb8 27. Rc7 Nfe4 28.
Qc2 Bxa4 29. Bxe4 Nxe4 30. Rc8+ Rxc8 31. Qxc8+ Bf8 32. e3 Bb5 33. Nxb4 Be2 34.
Nbc6 Rb5 35. b4 Nd6 36. Qc7 Bd3 37. Ne7+ Bxe7 38. Qxe7 Nf5 39. Qd8+ Kg7 40. g4
Nh6 41. Nc6 Rb7 42. Ne7 f6 43. f4 g5 44. fxg5 fxg5 45. Qd6 Nf7 46. Qxe6 Rxb4
47. Nxd5 Rb1+ 48. Kh2 Rf1 49. Ne7 Rf6 50. Qb3 Ne5 51. Qc3 Nf3+ 52. Kg3 h5 53.
Nd5 h4+ 54. Kg2 Ne1+ 55. Kg1 Nf3+ 56. Kh1 1-0

[Event "September Lviv Tradition (IM-group A)"]
[Site "Lviv"]
[Date "2017.09.28"]
[Round "5.4"]
[White "Kyrychenko, Maryan"]
[Black "Prydun, Andriy"]
[Result "1/2-1/2"]
[WhiteElo "2209"]
[BlackElo "2097"]
[PlyCount "64"]
[EventDate "2017.??.??"]
[EventType "tourn (corr)"]
[EventRounds "9"]

1. d4 d5 2. c4 c6 3. Nf3 Nf6 4. Bf4 e6 5. e3 Bd6 6. Bg3 O-O 7. Bd3 b6 8. Nc3
Ba6 9. cxd5 exd5 10. O-O Bxg3 11. hxg3 Bxd3 12. Qxd3 Nbd7 13. Rfd1 Re8 14. b4
b5 15. a4 a6 16. Ra2 Qe7 17. Rda1 Nb6 18. Ne5 Qb7 19. Qf5 h6 20. g4 Nc4 21. Nd3
Nd7 22. axb5 axb5 23. Rxa8 Rxa8 24. Rxa8+ Qxa8 25. Qxd7 Qa1+ 26. Kh2 Qxc3 27.
Qe8+ Kh7 28. Nf4 Qe1 29. Qxf7 Qxf2 30. Qf5+ Kg8 31. Qe6+ Kh7 32. Qf5+ Kg8 $11
1/2-1/2